| 000 | 00536nam a2200169 a 4500 | ||
|---|---|---|---|
| 005 | 20140412111304.0 | ||
| 008 | 001117s19uu xx 00 eng d | ||
| 020 | _a971-8613-81-1 | ||
| 050 |
_aM 005.13 _bC47 1990 |
||
| 100 | _aChua Chooi See | ||
| 245 |
_aFun with PC storyboard / _cChua Chooi See. |
||
| 260 |
_aKuala Lumpur : _bFederal Pub, _c1990. |
||
| 300 | _a85 p. ; ill. | ||
| 650 | _aPC Storyboard (Computer language) -- Handbooks, manuals, etc. | ||
| 650 | _aComputer graphics -- Handbooks, manuals, etc. | ||
| 999 |
_c103612 _d103612 |
||